00655nam a2200241Ia 4500008004100000020001500041050001000056050001400066245002200080245002700102260001800129260003700147260000900184300001600193300002600209300001000235440005200245440000600297500004800303650001900351650001700370650002600387171120s9999 xx 000 0 und d a962258232x a959.9 bK191 1998 2aA nation reborn / cby Alexander R. Magno. aPhilippines : bAsia Publishing Company Limited, c1998 a303 pages : bcolor illustrations ; c29cm. aKasaysayan : the story of the Filipino people ; v9 aIncludes bibliographic reference and index. aPhilippines -- aPhilippines. xHistory -- 1946-1986.